000 00537cam2a220019300 4500
001 tmp15345833
003 UPRA
005 20190816084940.0
008 950801s1966 fr fre u
035 _a(Sirsi) r124101
035 _a(UPRA)tmp15345833
040 _cUPRA
100 1 _aKessel, Joseph, 1898-
_dKessel, Joseph, 1898-
_6A44316.1
245 1 2 _aL'equipage.
260 _a[Paris] :
_bGallimard,
_c[1966]
440 0 _aLivre de poche ;
_v83
_6S322.1
949 _aPQ2621.E77
_wlcc
_i-178320
_mMAIN
_tBOOK
_lON-SHELF
004 124101
999 _c79929
_d79929